| 000 | 00745nac a22002171u 4500 | ||
|---|---|---|---|
| 010 | _a75044021 | ||
| 020 | _a0471804606 (v. 1) | ||
| 082 | 0 | 0 |
_a620.1 _bS6421 |
| 090 |
_c1670 _d1670 |
||
| 100 | _aSmith, Charles Edward, | ||
| 245 | 1 | 0 |
_aApplied mechanics / _cCharles E. Smith. |
| 260 |
_aNew York : _bWiley, _cc1976- |
||
| 300 |
_a3 v. : _bill. ; _c24 cm. |
||
| 500 | _aDonations | ||
| 500 | _aDonations - Dr. Mostafa Gouda | ||
| 504 | _aIncludes bibliographies and indexes. | ||
| 505 | 0 | _a[1] Statics.--[2] Dynamics.--[3] More dynamics. | |
| 650 | 0 | _aMechanics, Applied. | |
| 942 |
_cBB _k620.1S6421 |
||
| 999 |
_c1670 _d1670 |
||